00910nam a2200217 a 450000100060000000300080000600500170001400800410003102000160007203500190008804000320010704100080013908200410014711000820018824501200027024600400039026000680043030000250049850501160052365000530063976085BD-RjUL20211209082803.0191021m19629999pk b s 000 0 eng d c: PRs. 2.87 a(BD-RjUL)76305 aDLCcMNPdMNPdBD-RjULbeng aeng 223a630.9549021bPAP V-1(Pt.-1) 1962 aPakistan.bMinistry of Food & Agriculture.bAgricultural Census Organization.10aPakistan Census of Agriculture, 1960 /cPakistan. Ministry of Food & Agriculture. Agricultural Census Organization. a1960 Pakistan Census of Agriculture a[Karachi],bAgricultural Census Organization (Pakistan),c1962- a v. :bIll. ;c28 cm1 aVol. 1. East Pakistan, final report. pt. 1. Data by divisions & districts with detailed size classification. -- 0aAgriculturezPakistanzEast PakistanxStatistics